Представление документа в формате RUSMARC

ПолеНазваниеЗначение
  Тип записи a
  Библиографический уровень c
001 Контрольный номер RU/SLIB/B/208746935
005 Дата корректировки 20201206204116.1
010 Индекс ISBN __
a ISBN 5-230-20057-x
d Цена 50-00
101 Язык документа __
a Язык текста rus
c Язык оригинала rus
200 Заглавие и сведения об ответственности 0_
a Заглавие Любовь - песня: Народные песни Южного Урала
f Первые сведения об ответственности сост.: А. В. Глинкин, А. И. Лазарев ; ред. Л. М. Кузнецова
b Общее обозначение материала Текст
210 Выходные данные __
a Место издания Челябинск
c Издательство Челяб. гос. ун-т
d Дата издания 1999
215 Физическое описание __
a Объем 200 с.
330 Аннотация __
a Аннотация Сборник представляет собою публикацию оригинальных записей старинных и новых лирических песен, характерных для современного певческого репертуара Южного Урала.
606 Тематические рубрики __
a Основная рубрика Музыка и зрелищные искусства
y Географическая подрубрика Россия; Южный Урал
606 Тематические рубрики __
a Основная рубрика История музыки
610 Ключевые слова __
a Ключевые слова фольклор; репертуар; обряды; песни
686 Индексы других классификаций __
a Классификационный индекс 85.92
702 Вторичная интеллектуальная ответственность _1
a Фамилия Глинкин
b Имя А. В.
4 Код отношения Составитель
4 Код отношения 220
702 Вторичная интеллектуальная ответственность _1
a Фамилия Лазарев
b Имя А. И.
4 Код отношения Составитель
4 Код отношения 220
702 Вторичная интеллектуальная ответственность _1
a Фамилия Кузнецов
b Имя Л. М.
4 Код отношения Редактор
4 Код отношения 340
801 Источник записи _0
a Страна RU
b Организация Муниципальное бюджетное учреждение культуры "Централизованная библиотечная система" г. Сургут (Центральная городская библиотека им. А. С. Пушкина)
g Правила каталогизации КиК/Михайлова
801 Источник записи _1
a Страна RU
b Организация Муниципальное бюджетное учреждение культуры "Централизованная библиотечная система" г. Сургут (Центральная городская библиотека им. А. С. Пушкина)
g Правила каталогизации КиК/Михайлова
852 Данные о местонахождении __
j Шифр хранения 85.92
c Каталожный индекс 85.92
i Авторский знак Л 93
p Инвентарный номер 03110019
901 Тип документа 1_
t Тип документа x
903 Характеристики (МАРС) __
a Дата передачи 20031106
969 Тип издания __
a Тип издания сборник
990 Данные о заказе (DOS) __
j Количество экземпляров (DOS) 1
t N записи в КСУ для И/У (DOS) 200311